000 00648nab a2200193 4500
001 244442
003 OSt
005 20260223101341.0
007 tu
008 260223s2020|||||||
040 _aDE-2950
_cDE-2950
245 0 0 _aOB ordnet Verwaltung neu
_bStadtpolitik. In der SVV am Donnerstag hat Axel Strasser erklärt, wie er die Stadtverwaltung umbauen will. Der Oberbürgermeister plant mit vier Dezernaten/
_cThomas Gutke
264 _c2025
653 _aFrankfurt (Oder)
653 _aStadtverwaltung
653 _aUmbau
773 0 _g37. Jahrgang (2026) Nr. 44 vom 21.02.2026 , S. 17 mit Fotos
_tMärkische Oderzeitung
942 _2z
_cA
999 _c374313
_d374313